000 00420nam a2200145 i 4500
001 66292
003 ES-MaACL
007 t|
008 040203s1923 ag ||||1| spa d
100 1 _aGalíndez, Bartolomé.
_953423
245 1 3 _aEl índice divino
_b: (parábolas) /
_cBartolomé Galíndez.
260 _aBuenos Aires :
_b[s.n.,
_c1923] (
_fAraujo Hermanos)
300 _a126 p. ;
_c19 cm.
852 _aES-MaACL
_jG-3212
999 _c66292
_d66292